A test for distributional assumptions for the stochastic frontier functions (Registro nro. 26379)

Detalles MARC
000 -LEADER
fixed length control field 00361 a2200109 4500
001 - CONTROL NUMBER
control field ART_12450
005 - DATE AND TIME OF LATEST TRANSACTION
control field 20260410161906.0
008 - FIXED-LENGTH DATA ELEMENTS--GENERAL INFORMATION
fixed length control field 260409a
100 1# - MAIN ENTRY--PERSONAL NAME
Personal name Lee, Lung-Fei
245 10 - TITLE STATEMENT
Title A test for distributional assumptions for the stochastic frontier functions
773 0# - HOST ITEM ENTRY
Title Journal of econometrics
Related parts - Vol. 22, Nº 3 (ago. 1983)
Record control number REV11720

No hay ítems disponibles.